Classical yoga philosophy (Record no. 396129)

MARC details
000 -LEADER
fixed length control field 00456 a2200181 4500
005 - DATE & TIME
control field 20260212113000.0
008 - FIXED-LENGTH DATA ELEMENTS--GENERAL INFORMATION
fixed length control field 260211b |||||||| |||| 00| 0 eng d
020 ## - ISBN
International Standard Book Number 9789391973698
Price Rs. 1995.00
040 ## - CATALOGING SOURCE
Original cataloging agency VIVEKANANDA LIBRARY
082 ## - DDC NUMBER
Classification number 181.45
Book Number A57C
100 ## - MAIN ENTRY--PERSONAL NAME
Personal name Amit Kumar
245 ## - TITLE STATEMENT
Title Classical yoga philosophy
260 ## - PUBLICATION, DISTRIBUTION, ETC. (IMPRINT)
Name of publisher, distributor, etc Ishika Publishing House
Date of publication, distribution, etc 2025
Place of publication, distribution, etc Jaipur
300 ## - PHYSICAL DESCRIPTION
Pages viii, 260
650 ## - Subject
Subject Yoga
650 ## - Subject
Subject Indian Philosophy
942 ## - ADDED ENTRY ELEMENTS (KOHA)
Koha item type Books
Holdings
Withdrawn status Lost status Source of classification or shelving scheme Damaged status Not for loan Location (home branch) Sublocation or collection (holding branch) Shelving location Date acquired Koha issues (times borrowed) Koha full call number Accession No. Koha date last seen Koha item type
    Dewey Decimal Classification     VIVEKANANDA LIBRARY VIVEKANANDA LIBRARY Vivekananda Library 22/01/2026   181.45 A57C 444506 22/01/2026 Books
    Dewey Decimal Classification     VIVEKANANDA LIBRARY VIVEKANANDA LIBRARY Vivekananda Library 22/01/2026   181.45 A57C 444507 22/01/2026 Books
© Designed and Maintained by Vivekananda Library, MDU Rohtak